| 000 | 00383nam a2200145Ia 4500 | ||
|---|---|---|---|
| 008 | 231019s9999 xx 000 0 und d | ||
| 020 | _a978-0-85732-660-7 | ||
| 082 |
_a657.076 _bTUT-P |
||
| 100 | _aTutors-BPP | ||
| 245 | 0 | _aACCA Paper F5 Performance management, Complete Text | |
| 260 |
_aLondon _bKaplan Publishing _c2012 |
||
| 300 | _a528 | ||
| 650 | _aAccounting | ||
| 999 |
_c34477 _d34477 |
||